ပအိုဝ်း / (Record no. 27422)

000 -LEADER
fixed length control field 01308nam a22002177a 4500
005 - DATE AND TIME OF LATEST TRANSACTION
control field 20241112100845.0
008 - FIXED-LENGTH DATA ELEMENTS--GENERAL INFORMATION
fixed length control field 230721b ||||| |||| 00| 0 eng d
040 ## - CATALOGING SOURCE
Transcribing agency SSBUL
Modifying agency SSBUL
041 ## - LANGUAGE CODE
Language code of text/sound track or separate title Myanmar
082 ## - DEWEY DECIMAL CLASSIFICATION NUMBER
Edition number 23
Classification number ၉၅၉.၁၉၅၉၁၉၂ ခွန် ၁၆၀၀၆ (S-SAT)
Item number ၁၆၀၀၆ (S-SAT)
100 0# - MAIN ENTRY--PERSONAL NAME
Personal name ခွန်နွယ်၊
Titles and words associated with a name မောင်၊
Miscellaneous information (အင်းလေး)။
9 (RLIN) 28251
245 1# - TITLE STATEMENT
Title ပအိုဝ်း /
Statement of responsibility, etc. မောင်ခွန်နွယ် (အင်းလေး)။
260 ## - PUBLICATION, DISTRIBUTION, ETC.
Place of publication, distribution, etc. ရန်ကုန်၊
Name of publisher, distributor, etc. စာပေဗိမာန်၊
Date of publication, distribution, etc. ၁၉၉၂။
300 ## - PHYSICAL DESCRIPTION
Extent ၄၉၈ စာမျက်နှာ၊
Other physical details ဓာတ်ပုံများ၊
Dimensions ၁၈ စင်တီ။
440 ## - SERIES STATEMENT/ADDED ENTRY--TITLE
Title စာပေဗိမာန်ထုတ်ပြည်သူ့လက်စွဲစာစဉ်။
9 (RLIN) 27757
500 ## - GENERAL NOTE
General note S-SAT: Sai Aung Tun.
650 ## - SUBJECT ADDED ENTRY--TOPICAL TERM
Topical term or geographic name entry element ပအိုဝ်းတိုင်းရင်းသား
General subdivision ယဉ်ကျေးမှုနှင့် ဓလေ့ထုံးစံ။
9 (RLIN) 28252
Topical term or geographic name entry element ရှမ်းပြည်နယ်
Geographic subdivision မြန်မာနိုင်ငံ။
9 (RLIN) 28108
Topical term or geographic name entry element ပအိုဝ်းတိုင်းရင်းသား
Geographic subdivision မြန်မာနိုင်ငံ။
9 (RLIN) 54561
942 ## - ADDED ENTRY ELEMENTS (KOHA)
Source of classification or shelving scheme
Koha item type Book (Short term)
Holdings
Withdrawn status Lost status Source of classification or shelving scheme Damaged status Not for loan Collection code Permanent Location Current Location Shelving location Date acquired Total Checkouts Full call number Barcode Date last seen Date last checked out Price effective from Koha item type Accession
          Special Collections Shan State Buddhist University Library Shan State Buddhist University Library Special Collection Shelves 21/07/2023 1 ၉၅၉.၁၉၅၉၁၉၂ ခွန် ၁၆၀၀၆ (S-SAT) MB00016006 12/03/2026 28/02/2026 21/07/2023 Book (Short term) ၁၆၀၀၆ (S-SAT)

Library - 09407999929
Admin Office - 09407999979
Dean Office - 09250910768
Registrar Office - 09892297154
Email - [email protected]
Shan State Buddhist University, Phaya Phyu Taunggyi, Shan State, Myanmar.